| 000 | 01518nam a2200229Ii 4500 | ||
|---|---|---|---|
| 008 | 221202s xx 000 0 und d | ||
| 245 | 0 | _aCPC Futures | |
| 246 | _aThe New Era of Socialism with Chinese Characteristics | ||
| 264 |
_bNUS Press _c2022 |
||
| 300 | _a1 online resource | ||
| 336 |
_atext _btxt _2rdacontent |
||
| 337 |
_acomputer _bc _2rdamedia |
||
| 338 |
_aonline resource _bcr _2rdacarrier |
||
| 520 | _aWhat will the upcoming 20th Congress of the Communist Party of China (CPC) bring, and what will the next decade of CPC rule look like? Who will rule China and what future do they envision for the Party and China? In this volume, the East Asian Institute in Singapore brings together an exceptional team of world-leading China experts from Asia, the United States, Europe and Australia to set out the future implications of trends in CPC politics and governance in CPC General Party Secretary Xi Jinping’s “New Era.” The essays collected in this volume bring together cutting-edge research and insights into the China’s economy, society, politics, military and international relations targeted at for a professional audience in government, business, the media, NGOs and universities. | ||
| 653 | _aPolitical Science | ||
| 653 | _aResearch | ||
| 653 | _aSocial Science | ||
| 700 | 1 | _aHofman, Bert | |
| 700 | 1 | _aPieke, Frank N. | |
| 856 | _uhttps://library.oapen.org/bitstream/20.500.12657/58473/1/external_content.pdfhttps://library.oapen.org/handle/20.500.12657/58473 | ||
| 942 | _cE-BOOK | ||
| 999 |
_c61584 _d61584 |
||